SEED TECHNOLOGY (Record no. 8128)

MARC details
000 -LEADER
fixed length control field 00448nam a22001817a 4500
005 - DATE AND TIME OF LATEST TRANSACTION
control field 20230109102652.0
008 - FIXED-LENGTH DATA ELEMENTS--GENERAL INFORMATION
fixed length control field 221219b |||||||| |||| 00| 0 eng d
020 ## - INTERNATIONAL STANDARD BOOK NUMBER
ISBN 978-81204-0994-1
041 ## - LANGUAGE CODE
Language code of text/sound track or separate title eng
082 ## - DEWEY DECIMAL CLASSIFICATION NUMBER
Classification number 631.52 AGR-S
100 ## - MAIN ENTRY--AUTHOR NAME
Personal name AGRARWAL , RATAN LAL
245 ## - TITLE STATEMENT
Title SEED TECHNOLOGY
250 ## - EDITION STATEMENT
Edition statement 2nd ed.
260 ## - PUBLICATION, DISTRIBUTION, ETC. (IMPRINT)
Name of publisher CSB PUBLICATION & DISTRIBUTORS
Year of publication 2020
300 ## - PHYSICAL DESCRIPTION
Number of Pages 829;P
650 ## - SUBJECT ADDED ENTRY--TOPICAL TERM
Topical Term AGRICULTURE
942 ## - ADDED ENTRY ELEMENTS (KOHA)
Koha item type Books
Holdings
Lost status Damaged status Collection code Home library Current library Shelving location Date acquired Source of acquisition Cost, normal purchase price Full call number Accession Number Koha item type
    Reference JRU Library JRU Library SHELF-2-B 07/11/2022 LOHIA BOOK INTERNATIONAL 750.00 631.52-AGR-S 27090 Books
    AGRICULTURE JRU Library JRU Library SHELF-43-G 07/11/2022 LOHIA BOOK INTERNATIONAL 750.00 631.52-AGR-S 27091 Books
    AGRICULTURE JRU Library JRU Library SHELF-43-G 07/11/2022 LOHIA BOOK INTERNATIONAL 750.00 631.52-AGR-S 27092 Books